The meaning of Christ for Paul. (Record no. 30034)
[ view plain ]
| 000 -LEADER | |
|---|---|
| fixed length control field | 00570nam a2200169 4500 |
| 008 - FIXED-LENGTH DATA ELEMENTS--GENERAL INFORMATION | |
| fixed length control field | 070831s1949 nyu b 000 0 eng |
| 090 ## - LOCALLY ASSIGNED LC-TYPE CALL NUMBER (OCLC); LOCAL CALL NUMBER (OCLC) | |
| Classification number (OCLC) (R) ; Classification number, CALL (RLIN) (NR) | BS2651 |
| Local cutter number (OCLC) ; Book number/undivided call number, CALL (RLIN) | An2m |
| 100 1# - MAIN ENTRY--PERSONAL NAME | |
| Personal name | Andrews, Elias, |
| Dates associated with a name | 1906- |
| 245 14 - TITLE STATEMENT | |
| Title | The meaning of Christ for Paul. |
| 260 ## - PUBLICATION, DISTRIBUTION, ETC. (IMPRINT) | |
| Place of publication, distribution, etc | New York : |
| Name of publisher, distributor, etc | Abingdon-Cokesbury Press, |
| Date of publication, distribution, etc | [1949] |
| 300 ## - PHYSICAL DESCRIPTION | |
| Extent | 266 p. ; |
| Dimensions | 24 cm. |
| 504 ## - BIBLIOGRAPHY, ETC. NOTE | |
| Bibliography, etc | Bibliography: p. 249-257. |
| 601 40 - | |
| -- | Jesus Christ |
| -- | Person and offices. |
| 630 04 - SUBJECT ADDED ENTRY--UNIFORM TITLE | |
| Uniform title | Bible. |
| Name of part/section of a work | N.T. |
| -- | Epistles of Paul |
| General subdivision | Theology. |
| 951 ## - EQUIVALENCE OR CROSS-REFERENCE-GEOGRAPHIC NAME/AREA NAME [OBSOLETE] [CAN/MARC only] | |
| General subdivision | 00035578 |
| 951 ## - EQUIVALENCE OR CROSS-REFERENCE-GEOGRAPHIC NAME/AREA NAME [OBSOLETE] [CAN/MARC only] | |
| -- | 31121 |
| -- | BS2651/An2m |
| -- | 070831134046859 |
| -- | 2000-12-21 |
| -- | GC |
| Withdrawn status | Lost status | Damaged status | Not for loan | Home library | Current library | Shelving location | Date acquired | Accession number | Shelving control number | Total Checkouts | Full call number | Barcode | Date last seen | Price effective from | Koha item type |
|---|---|---|---|---|---|---|---|---|---|---|---|---|---|---|---|
| BSOP Library | BSOP Library | GC | 12/21/2000 | 31121 | 127 | BS2651/An2m | 00035578 | 02/23/2013 | 02/23/2013 | Books |
